000 00558nam a22001817a 4500
005 20231109102452.0
008 231109b |||||||| |||| 00| 0 eng d
020 _a0702109770
041 _aEnglish
082 _a346.2 FAR
100 _aHathaway, EW
_lEnglish
245 _aA Case Book On the South African Law of Contract /
_cEW Hathaway
250 _aSecond Edition
260 _aCape Town :
_bJuta and Company Ltd,
_c1979
300 _bxxi, 423 pages ;
_c26 cm.
650 _aLegal practice
_bLaw
942 _cBK
_6ALISON_BN_VRIES
999 _c470
_d470